000 00378 a2200097 4500
245 0 0 _aLampy elektronowe - Kineskopy kolorowe Metody pomiaru prądów żarzenia, anody i katody PN-85/T-04830.05 /
_cMin. Przem. Maszynowego.
246 1 3 _aPN-85/T-04830.05
246 1 3 _a621.385.832:621.397.331.24
260 _aWarszawa :
_bMin. Przem. Maszynowego,
_c1985.
300 _a2 stron ;
_c30 cm.
650 _aPolska norma
999 _c20895
_d20895